| 000 | 00585nam a2200205Ia 4500 | ||
|---|---|---|---|
| 005 | 20250508165459.0 | ||
| 008 | 008 250505s9999 xx 000 0 eng d | ||
| 020 | _a978-81-250-5629-4 | ||
| 037 | _aTextual | ||
| 040 |
_aFEDL _beng _cFEDL |
||
| 041 |
_aeng _2eng |
||
| 084 |
_a305.8, BAL _qFEDL |
||
| 100 | _aBalagopal K | ||
| 245 | 0 | _aEar to the ground: Selected writings on class and caste | |
| 260 |
_aNew Delhi, India _bNavayana Publishing _c2011 |
||
| 300 | _a487p. | ||
| 365 |
_aPrice varies _b550 |
||
| 942 |
_cTEXL _h305.8, BAL |
||
| 999 |
_c1395348 _d1395348 |
||